Výzvy v modelování finančních rizik

Kríza a bankový sektor. Väčší dôraz na predikciu. Intenzívne zapojenie manažmentu. Stresové testovanie. Nezávislé overovanie. Katalyzátor finančných inštitúcií.

Na minha lista:
Detalhes bibliográficos
Autor principal: Prchal, Luboš
Formato: Capítulo de Livro
Idioma:tcheco
Assuntos:
Tags: Adicionar Tag
Sem tags, seja o primeiro a adicionar uma tag!

MARC

LEADER 00000naa$a2200000$$$4500
001 0094175
005 20231129092558.3
041 0 |a cze 
044 |a CZ 
245 1 0 |a Výzvy v modelování finančních rizik  |c Luboš Prchal 
520 |a Kríza a bankový sektor. Väčší dôraz na predikciu. Intenzívne zapojenie manažmentu. Stresové testovanie. Nezávislé overovanie. Katalyzátor finančných inštitúcií. 
610 2 0 |a banky 
610 2 0 |a riziko finančné 
610 2 0 |a kríza 
610 2 0 |a klienti 
610 2 0 |a manažment 
100 1 |a Prchal, Luboš